00516 2200193 4500001002100000005001700021008004100038035002400079082001000103090002000113100002700133245006200160260003400222300001800256850001200274980001500286985000600301999001500307YOGYA-0209000005331420090227033134.0 ind  0010-020900000053314 a499.2 a499.2bAli BlT aALISJAHBANA, S. Takdir aBahasa Indonesia dan Bahasa DaerahcS. Takdir Alisjahbana aJakartabPustaka Rakyatc1954 a20 hlmc19 cm aYOPDYOG a09-01-2008 a1 aa000012892